| 000 | 01343nam0a2200289 4500 | ||
|---|---|---|---|
| 001 | RU\NLR\bibl\514417 | ||
| 005 | 20260405055526.0 | ||
| 010 |
_a5-88165-008-5 _95000 |
||
| 035 | _a(NLR Aleph) 000506870 | ||
| 090 |
_a1208447 _c1208447 |
||
| 100 | _a20040422d1996 |||y0rusy50 ca | ||
| 101 | 1 |
_arus _cper |
|
| 102 | _aRU | ||
| 105 | _aa ||||||||| | ||
| 200 | 1 |
_aВис и Рамин _e[Поэма] _fФахриддин Гургани _g[Пер. с перс. Семена Липкина _gИл. Михаила Ромадина] |
|
| 210 |
_aПетрозаводск _cКарпован сизарексет _d1996 |
||
| 215 |
_a390, [1] с. _cцв. ил. _d25 |
||
| 300 | _aНа обл. авт. не указан | ||
| 604 |
_1700#1$aГургани$bФ.$gФахриддин$f11в. _150010$a"Вис и Рамин"$2nlr_sh1$2nlr_sh2$3RU\NLR\AUTH\661393383 _aГургани, Фахриддин (11в.) _t"Вис и Рамин" _92329979 _3RU\NLR\AUTH\661393383 |
||
| 686 | _aШ5(0)952.314-4Гургани | ||
| 700 | 1 |
_4070 _8rus _7ca _aГургани _bФ. _f11 в. _gФахриддин _3RU\NLR\auth\7719038 _92113 |
|
| 702 | 1 |
_4730 _8rus _7ca _aЛипкин _bС. И. _f1911-2003 _gСемен Израилевич _3RU\NLR\auth\7719041 _92116 |
|
| 801 | 0 |
_aRU _bNLR _c20040422 _gPSBO |
|
| 801 | 1 |
_aRU _bNLR _c20040422 |
|
| 942 | _cBOOK | ||
| 980 | _aNB | ||